000 00994nmm a2200313 a 4500
003 AR-BaBNM
005 20251128205725.0
008 018019s1996 ||||||||||||||000 | spa||
020 _a950-9293-77-6
040 _cAR-BaBNM
100 1 _aStoetzer, O. Carlos
245 1 0 _aIberoamérica
_bhistoria política y cultural
_nI
260 _aBuenos Aires
_bEditorial Docencia
_bFundación Universidad a Distancia Hernandarias
_c1996
300 0 _a271 p.
_bláms., mapas
500 0 _aAl final de cada capítulo contiene una autoevaluación
504 _aBibliografía para consultar p. 245-271
650 4 _aMOVIMIENTOS EMANCIPADORES LATINOAMERICANOS
650 4 _aLIBERALISMO
650 4 _aSIGLO DIECIOCHO
650 4 _aHISTORIA DE LAS IDEAS
650 4 _aHISTORIA CULTURAL
650 4 _aHISTORIA DE LAS COSTUMBRES
650 4 _aHISTORIA POLITICA
650 4 _aINSTITUCIONES HISPANOAMERICANAS
651 4 _aEspaña
653 0 _aILUSTRACION
942 _cBK
998 _cMariana
999 _c12558
_d12558